000 00568nam a22002052 4500
001 0000003528
005 20151217155206.0
008 070509s xx 000 0 eng d
020 _a0205056776 :
040 _aKABU
_cKABU
050 0 _aLB17
_b.R45
100 1 _aReitman, Sanford.
_@0000153508
245 1 0 _aFoundations of education for prospective teachers.
260 _aBoston :
_bAlly & Bacon,
_c1977.
300 _avii, 471 p.
650 0 _aEducation.
_@0000151814
908 _a070509
950 _@1
999 _c11901
_d11901